00000000ngm##2200000za#4500
0019.670134
003CaOODSP
00520210615125307
007vd |v||||
008150407|2007||||xxc--- |     fq   v|fre|d
040 |aCaOODSP|bfre
041 |aeng
041 |afre
043 |an-cn---
0861 |aK21-1/2007-DVD
1101 |aCanada. |bConseil des arts du Canada.
24510|a50e rapport annuel, Conseil des Arts du Canada, 2006-2007 |h[enregistrement vidéo]
260 |aOttawa - Ontario : |bConseil des Arts du Canada |c[2007].
300 |a1 disque.|bgraphiques, tableaux, photographies
5203 |aPrésente les activités du Conseil des Arts du Canada au cours de l’exercice financier. Il porte sur les programmes des arts, les prix et les donations du Conseil. Le Conseil des Arts du Canada offre aux artistes et aux organismes artistiques professionnels une vaste gamme de subventions et de services et contribue à la sensibilisation du public aux arts.
590 |a08-19|b2008-05-09
69107|aArts|2gcpds
69107|aRapport annuel|2gcpds
7760#|t50th annual report, Canada Council for the Arts, 2006-07 |w(CaOODSP)9.670131
791 |t50th annual report, Canada Council for the Arts, 2006-2007 |eeng|w(CaOODSP)9.670133